000 00620nam a2200205 i 4500
001 38369
003 ES-MaACL
005 20260525062926.0
007 t|
008 030225s1962 sp |||| |dspa d
100 1 _aCabezas, Juan Antonio,
_d1900-1993
_933200
245 1 1 _a"Clarín", el provinciano universal /
_cJuan Antonio Cabezas.
260 _aMadrid :
_bEspasa-Calpe,
_c[1962]
300 _a221 p. ;
_c18 cm.
490 1 _aColección austral ;
_v1313
600 1 4 _aAlas, Leopoldo
_d1852-1901
_9226375
830 0 _aColección austral
_v1313
_9177655
852 _aES-MaACL
_jC-21728
999 _c38369
_d38369